00930nam a2200241Ia 450000100060000000300090000600800410001504000130005604000130006904100130008210000170009510000290011224500400014124500400018125000110022126000090023226000100024126000490025130000410030050002920034165000240063365000310065737829IT-RoPAU130308s9999 xx 000 0 und d aIT-RoPAU cIT-RoPAU aITALIANO aCau Vittorio gCodice Aut. SPICS: 17433 aDispense di studio sulla fotografia bDispense di Studio Sulla Fotografia a1a ed. aROMA bSPICS c1984 [1° Ed.:1984 - Ed.Ling.Originale:1984] a"57 p. (prefazione: no ; testo: 57)" aFotografia Saggi di fotografia Origini della fotografia Tecnica della fotografia Apparecchio fotografico Esposizione pellicola Fotografica Luce messa a fuoco Telemetro Otturatore Diaframma Esposimetro Trattamento della pellicola Stampa Rifrazione della Luce Lampeggiatori Macrofotografia aSAGGI DI FOTOGRAFIA eCodice materia Spics: 6761